京都府の市区町村(1960年) - Statistics

General Stats
  • This quiz has been taken 47 times
  • The average score is 44 of 53
Answer Stats
No. 市町村 備考 % Correct
1 京都市
100%
1-2 京都市 上京区
97%
1-4 京都市 中京区
97%
1-6 京都市 下京区
97%
2 福知山市
97%
3 舞鶴市
97%
5 宇治市
97%
6 宮津市
97%
1-3 京都市 左京区
94%
1-5 京都市 東山区
94%
1-8 京都市 右京区
94%
1-9 京都市 伏見区
94%
7 亀岡市
94%
8 乙訓郡 向日町 1972年昇格
94%
18 相楽郡 木津町 2007年消滅
94%
23 相楽郡 南山城村
94%
4 綾部市
91%
16 綴喜郡 宇治田原町
91%
37 与謝郡 伊根町
91%
9 乙訓郡 長岡町 1972年昇格
88%
10 乙訓郡 大山崎村 1967年昇格
88%
11 久世郡 城陽町 1972年昇格
88%
1-1 京都市 北区
85%
1-7 京都市 南区
85%
12 久世郡 久御山町
85%
13 綴喜郡 八幡町 1977年昇格
85%
14 綴喜郡 田辺町 1997年昇格
85%
22 相楽郡 精華町
85%
20 相楽郡 笠置町
82%
24 北桑田郡 京北町 2005年消滅
82%
25 北桑田郡 美山町 2006年消滅
82%
26 船井郡 園部町 2006年消滅
82%
28 船井郡 丹波町 2005年消滅
82%
42 竹野郡 丹後町 2004年消滅
82%
15 綴喜郡 井手町
79%
19 相楽郡 加茂町 2007年消滅
79%
21 相楽郡 和束町
79%
29 船井郡 日吉町 2006年消滅
79%
41 竹野郡 網野町 2004年消滅
79%
44 熊野郡 久美浜町 2004年消滅
76%
31 船井郡 和知町 2005年消滅
74%
27 船井郡 八木町 2006年消滅
71%
30 船井郡 瑞穂町 2005年消滅
71%
39 中郡 峰山町 2004年消滅
71%
17 相楽郡 山城町 2007年消滅
68%
33 天田郡 夜久野町 2006年消滅
68%
34 加佐郡 大江町 2006年消滅
68%
36 与謝郡 岩滝町 2006年消滅
68%
40 中郡 大宮町 2004年消滅
68%
32 天田郡 三和町 2006年消滅
65%
35 与謝郡 加悦町 2006年消滅
65%
38 与謝郡 野田川町 2006年消滅
62%
43 竹野郡 弥栄町 2004年消滅
59%
No matching quizzes found
Score Distribution
Percent of People with Each Score
Percentile by Number Answered
Your Score History
You have not taken this quiz